000 01142cab a2200301 4500
001 ABS52408
008 090401t1995 xxu||||| |||| 00| 0 eng d
035 _a(Sirsi) u76407
041 _aeng
100 _aHelps, D.
245 _aStretching appointment
260 _c1995
350 _a0
490 _aBuilding
_v260(7882) 3 March 1995, 34(1)
520 _aFinds several aspects of the ICE Professional Services Contract new to consultants` appointment: the timetable for the consultant to follow, resolution by an adjudicator of cost consequences of a compensation event and the correction of defects. Also notes the use of fitness obligations and the absence of collateral warranties.
650 _aAPPOINTMENT
650 _aBUILT ENVIRONMENT-BUILDING CONTRACT FORMS-CONSTRUCTION COLLATERAL WARRANTY FORMS
650 _aCONSULTANTS
650 _aFITNESS OBLIGATIONS
650 _aICE PROFESSIONAL SERVICES CONTRACT
650 _aNEC
650 _aNEW ENGINEERING CONTRACT
650 _aProcurement-old
650 _aPSC
690 _aBUILT ENVIRONMENT-BUILDING CONTRACT FORMS
942 _n0
948 _c04/03/1997
999 _c48064
_d48064